Kakyū shizoku no kenkyū /
Saved in:
| Main Author: | |
|---|---|
| Format: | Book |
| Language: | Japanese |
| Published: |
Tōkyō :
Nihon Gakujutsu Shinkōkai,
Shōwa 28 [1953]
|
| Subjects: | |
| Tags: |
Add Tag
No Tags, Be the first to tag this record!
|
| LEADER | 00981nam a2200277 a 4500 | ||
|---|---|---|---|
| 001 | 007738656-6 | ||
| 005 | 20024617120653.0 | ||
| 008 | 920921s1953 ja af 001 0 jpn d | ||
| 020 | |c Y400 | ||
| 035 | 0 | |a ocm26643307 | |
| 040 | |a CU-I |c CU-I |d *YNH* |d CStRLIN | ||
| 100 | 1 | |6 880-01 |a Shinmi, Kichiji, |d 1874-1979. | |
| 245 | 1 | 0 | |6 880-02 |a Kakyū shizoku no kenkyū / |c [chosha Shinmi Kichiji]. |
| 260 | |6 880-03 |a Tōkyō : |b Nihon Gakujutsu Shinkōkai, |c Shōwa 28 [1953] | ||
| 300 | |a [8], 362 p., [6] p. of plates : |b ill. ; |c 22 cm. | ||
| 500 | |a Colophon title. | ||
| 500 | |a Includes index. | ||
| 651 | 0 | |a Japan |x Social conditions. | |
| 651 | 0 | |a Japan |x Economic conditions. | |
| 650 | 0 | |a Samurai |x Economic conditions. | |
| 650 | 0 | |a Samurai |x Social conditions. | |
| 880 | 1 | |6 100-01 |a 新見吉治, |d 1874-1979. | |
| 880 | 1 | 0 | |6 245-02 |a 下級士族の研究 / |c [著者新見吉治]. |
| 880 | |6 260-03 |a 東京 : |b 日本学術振興会, |c 昭和28 [1953] | ||
| 988 | |a 20021217 | ||
| 906 | |0 OCLC | ||


